Cicely Mary Barker's Flower Fairies: Alphabet Fairies - Statistics

General Stats
  • This quiz has been taken 2 times
  • The average score is 13 of 24
Answer Stats
Hint Answer % Correct
D Double Daisy
100%
I Iris
100%
P Pansy
100%
Z Zinnia
100%
A Apple Blossom
50%
B Bugle
50%
C Columbine
50%
E Eyebright
50%
F Fuchsia
50%
G Gorse
50%
H Herb Twopence
50%
J Jasmine
50%
K Kingcup
50%
L Lily-of-the-Valley
50%
M Mallow
50%
N Nasturtium
50%
O Orchis
50%
R Ragged Robin
50%
T Thrift
50%
V Vetch
50%
W Wallflower
50%
Y Yellow Deadnettle
50%
Q Queen of the Meadow
0%
S Strawberry
0%
No matching quizzes found
Score Distribution
Percent of People with Each Score
Percentile by Number Answered
Your Score History
You have not taken this quiz